Cut loose your stammering tongue : (Record no. 118119)
[ view plain ]
| 000 -LEADER | |
|---|---|
| fixed length control field | 01259pam a2200313 a 4500 |
| 001 - CONTROL NUMBER | |
| control field | 2960798 |
| 003 - CONTROL NUMBER IDENTIFIER | |
| control field | ARRUPE |
| 005 - DATE AND TIME OF LATEST TRANSACTION | |
| control field | 20130927110845.0 |
| 008 - FIXED-LENGTH DATA ELEMENTS--GENERAL INFORMATION | |
| fixed length control field | 910716s1991 nyu b 001 0 eng |
| 010 ## - LIBRARY OF CONGRESS CONTROL NUMBER | |
| LC control number | 91027967 |
| 020 ## - INTERNATIONAL STANDARD BOOK NUMBER | |
| International Standard Book Number | 0883447746 : |
| Terms of availability | $13.95 |
| 040 ## - CATALOGING SOURCE | |
| Original cataloging agency | DLC |
| Transcribing agency | DLC |
| Modifying agency | DLC |
| 043 ## - GEOGRAPHIC AREA CODE | |
| Geographic area code | n-us--- |
| 050 00 - LIBRARY OF CONGRESS CALL NUMBER | |
| Classification number | BT82.7 |
| Item number | .C87 1991 |
| 300 ## - PHYSICAL DESCRIPTION | |
| Dimensions | 21 cm. |
| 245 00 - TITLE STATEMENT | |
| Title | Cut loose your stammering tongue : |
| Remainder of title | black theology in the slave narratives / |
| Statement of responsibility, etc | edited by Dwight N. Hopkins and George C.L. Cummings. |
| 260 ## - PUBLICATION, DISTRIBUTION, ETC. (IMPRINT) | |
| Place of publication, distribution, etc | Maryknoll, N.Y. : |
| Name of publisher, distributor, etc | Orbis Books, |
| Date of publication, distribution, etc | c1991. |
| 300 ## - PHYSICAL DESCRIPTION | |
| Extent | xxiii, 168 p. ; |
| 504 ## - BIBLIOGRAPHY, ETC. NOTE | |
| Bibliography, etc | Includes bibliographical references (p. 149-164) and index. |
| 650 #0 - SUBJECT ADDED ENTRY--TOPICAL TERM | |
| Topical term or geographic name as entry element | Black theology |
| General subdivision | History. |
| 9 (RLIN) | 1573 |
| 650 #0 - SUBJECT ADDED ENTRY--TOPICAL TERM | |
| Topical term or geographic name as entry element | Slaves' writings, American |
| General subdivision | History and criticism. |
| 9 (RLIN) | 1574 |
| 650 #0 - SUBJECT ADDED ENTRY--TOPICAL TERM | |
| Topical term or geographic name as entry element | Slaves |
| Geographic subdivision | United States |
| General subdivision | Intellectual life. |
| 9 (RLIN) | 1575 |
| 650 #0 - SUBJECT ADDED ENTRY--TOPICAL TERM | |
| Topical term or geographic name as entry element | Slaves |
| Geographic subdivision | United States |
| General subdivision | Religious life. |
| 9 (RLIN) | 1576 |
| 650 #0 - SUBJECT ADDED ENTRY--TOPICAL TERM | |
| Topical term or geographic name as entry element | African Americans |
| General subdivision | Religion. |
| 9 (RLIN) | 1577 |
| 700 1# - ADDED ENTRY--PERSONAL NAME | |
| Personal name | Hopkins, Dwight N. |
| 9 (RLIN) | 1578 |
| 700 1# - ADDED ENTRY--PERSONAL NAME | |
| Personal name | Cummings, George C. L. |
| 9 (RLIN) | 1579 |
| 906 ## - LOCAL DATA ELEMENT F, LDF (RLIN) | |
| a | 7 |
| b | cbc |
| c | orignew |
| d | 1 |
| e | ocip |
| f | 19 |
| g | y-gencatlg |
| 942 ## - ADDED ENTRY ELEMENTS (KOHA) | |
| Source of classification or shelving scheme | Library of Congress Classification |
| Koha item type | Monograph ( Printed materials) |
| Withdrawn status | Lost status | Source of classification or shelving scheme | Damaged status | Not for loan | Home library | Current library | Shelving location | Date acquired | Total Checkouts | Full call number | Barcode | Date last seen | Price effective from | Koha item type |
|---|---|---|---|---|---|---|---|---|---|---|---|---|---|---|
| Library of Congress Classification | ARRUPE LIBRARY | ARRUPE LIBRARY | Main Collection | 27/09/2013 | BT82.7 .C87 1991 | 46410114 | 27/09/2013 | 27/09/2013 | Monograph ( Printed materials) |